Právne a mimoprávne interdisciplinárne aspekty filmového diela

Niektoré aspekty filmovej tvorby na Slovensku a právno-vedecký výskum v tejto oblasti. Vymedzenie právnej úpravy filmového diela v slovenskomm autorskom zákone. Technická a ekonomická stránka vedomostne orientovanej spoločnosti. Význam filmu pre rozvoj kultúry.

Gespeichert in:
Bibliographische Detailangaben
1. Verfasser: Kropaj, Marián, 1983-
Format: Buchkapitel
Sprache:Slowakisch
Schlagworte:
Tags: Tag hinzufügen
Keine Tags, Fügen Sie das erste Tag hinzu!

MARC

LEADER 00000naa a2200000 4500
001 0121477
005 20230113082131.1
041 0 |a slo 
044 |a SK 
245 1 0 |a Právne a mimoprávne interdisciplinárne aspekty filmového diela  |c Marián Kropaj 
520 |a Niektoré aspekty filmovej tvorby na Slovensku a právno-vedecký výskum v tejto oblasti. Vymedzenie právnej úpravy filmového diela v slovenskomm autorskom zákone. Technická a ekonomická stránka vedomostne orientovanej spoločnosti. Význam filmu pre rozvoj kultúry. 
610 2 0 |a Slovensko 
610 2 0 |a vlastníctvo duševné 
610 2 0 |a diela autorské 
610 2 0 |a právo značkové 
610 2 0 |a známky ochranné 
610 2 0 |a ochrana práv priemyselných 
610 2 0 |a zmluvy licenčné 
610 2 0 |a priemysel umelecký 
610 2 0 |a kultúra 
610 2 0 |a film 
100 1 |a Kropaj, Marián, 1983-